| 000 | 01170nam a2200397 a 4500 | ||
|---|---|---|---|
| 001 | 000108053 | ||
| 003 | CHAP | ||
| 005 | 20240515135506.0 | ||
| 008 | 131202s2003 ck a |r| |||||||spa d | ||
| 010 | _a104515 | ||
| 011 | _a105487 | ||
| 020 | _a9589608671 (obra completa) | ||
| 020 | _a958-8203-04-X (Volumen 1 y 2) | ||
| 040 | _cCHAP | ||
| 082 | 0 | 4 |
_a636.0883 _bM29 2003 |
| 245 | 0 | 0 |
_aManual del ganadero actual / _ceditado por Grupo Latino Ltda. |
| 250 | _a2 ed. | ||
| 260 |
_aColombia : _bGrupo Latino Ltda., _c[2003]. |
||
| 300 |
_a3v. _e+ CD ROM (4 3/4 plg.) _bil., gráfs. |
||
| 490 | 1 | _aVolvamos al campo | |
| 590 |
_aE11695DGD _b10 _c20131203 |
||
| 590 |
_aE6096MTM _b05 _c20131202 |
||
| 590 |
_aE6096MTM _b05 _c20131204 |
||
| 590 |
_aE6096MTM _b05 _c20131204 |
||
| 590 |
_aE6096MTM _b05 _c20131204 |
||
| 650 | 1 | 4 |
_aGanadería _xManuales. _944821 |
| 650 | 1 | 4 |
_aGanado de carne. _945067 |
| 650 | 1 | 4 |
_aGanado lechero. _945237 |
| 650 | 1 | 4 |
_aGanado vacuno. _945425 |
| 650 | 1 | 4 |
_aGanado _xRazas. _944950 |
| 710 | 1 |
_aGrupo Latino LTDA _eed. _9124834 |
|
| 830 | 0 |
_aVolvamos al campo _9124898 |
|
| 901 | _aBK | ||
| 942 |
_cLIBRO _2ddc |
||
| 942 |
_n0 _2ddc |
||
| 999 |
_c104515 _d104515 |
||